[Event "Guernsey Challengers 47th"]
[Site "Guernsey"]
[Date "2023.10.16"]
[Round "2"]
[White "Steinbergs, Viktors"]
[Black "Poldermans, Daan"]
[Result "1-0"]
[WhiteElo "1763"]
[BlackElo "1629"]
[PlyCount "37"]
[EventDate "2023.10.15"]
[EventType "swiss"]
[EventRounds "7"]
[EventCountry "GCI"]
[SourceTitle "BritBase"]
[Source "John Saunders"]
[SourceDate "2023.11.18"]
[SourceVersion "1"]
[SourceVersionDate "2023.11.13"]
[SourceQuality "1"]

1. d4 Nf6 2. Nf3 d5 3. Bf4 e6 4. e3 Bd6 5. Bg3 O-O 6. Nbd2 b6 7. Bd3 Bb7 8. Ne5
Nbd7 9. c3 Re8 10. Qc2 Nf8 11. f4 Bxe5 12. fxe5 Ng4 13. Ke2 f5 14. exf6 Nxf6
15. Bh4 N8d7 16. Raf1 Rf8 17. Bxh7+ Kh8 18. Bd3 c5 19. Rf3 1-0

[Event "Guernsey Challengers 47th"]
[Site "Guernsey"]
[Date "2023.10.16"]
[Round "2"]
[White "Jongerius, Marc"]
[Black "Rowe, Oliver"]
[Result "1/2-1/2"]
[WhiteElo "1695"]
[BlackElo "1541"]
[PlyCount "34"]
[EventDate "2023.10.15"]
[EventType "swiss"]
[EventRounds "7"]
[EventCountry "GCI"]
[SourceTitle "BritBase"]
[Source "John Saunders"]
[SourceDate "2023.11.18"]
[SourceVersion "1"]
[SourceVersionDate "2023.11.13"]
[SourceQuality "1"]

1. e4 d5 2. exd5 Qxd5 3. Nc3 Qd6 4. Nf3 Nf6 5. d4 c6 6. a4 a5 7. b3 Bg4 8. Be2
e6 9. O-O Be7 10. Ba3 Qc7 11. Bxe7 Qxe7 12. Ne5 Bxe2 13. Qxe2 O-O 14. Nc4 Na6
15. Na2 Nb4 16. c3 Nbd5 17. Ne5 Rfd8 1/2-1/2

[Event "Guernsey Challengers 47th"]
[Site "Guernsey"]
[Date "2023.10.16"]
[Round "2"]
[White "Goman, Colin R"]
[Black "Bennett, David"]
[Result "1-0"]
[WhiteElo "1636"]
[BlackElo "1380"]
[PlyCount "95"]
[EventDate "2023.10.15"]
[EventType "swiss"]
[EventRounds "7"]
[EventCountry "GCI"]
[SourceTitle "BritBase"]
[Source "John Saunders"]
[SourceDate "2023.11.18"]
[SourceVersion "1"]
[SourceVersionDate "2023.11.13"]
[SourceQuality "1"]

1. d4 c5 2. dxc5 e6 3. Bf4 Qa5+ 4. c3 Qxc5 5. Nf3 Nc6 6. e3 Nf6 7. h3 Qb6 8.
Qc2 Bc5 9. Bd3 Ne7 10. O-O h6 11. Nbd2 O-O 12. b4 Bd6 13. Nc4 Qc7 14. Bxd6 Qd8
15. a4 Re8 16. Bg3 Nf5 17. Bxf5 exf5 18. Nd6 Rf8 19. Qxf5 a5 20. b5 Ne8 21.
Nxc8 Rxc8 22. Qd3 Nf6 23. Rac1 Re8 24. Nd2 Rc5 25. c4 Re6 26. Nb3 Rc8 27. f3
Nh5 28. Bf2 Rg6 29. Rc2 d6 30. Be1 b6 31. Qe2 Qd7 32. Kh2 Re8 33. Qf2 Qe6 34.
Nd4 Qe5+ 35. f4 Qe4 36. Qf3 Qxf3 37. Rxf3 Nf6 38. Nf5 Ne4 39. Re2 Rf6 40. Ng3
Nc5 41. Ra2 Nd3 42. Bc3 Rfe6 43. Nf5 f6 44. Rg3 Kh8 45. Nxg7 Nc1 46. Rc2 Nd3
47. Nxe8 Rxe8 48. Bxf6+ 1-0

[Event "Guernsey Challengers 47th"]
[Site "Guernsey"]
[Date "2023.10.17"]
[Round "3"]
[White "Dam, Karsten"]
[Black "Walker, Elmira"]
[Result "1/2-1/2"]
[WhiteElo "1665"]
[BlackElo "1626"]
[PlyCount "141"]
[EventDate "2023.10.15"]
[EventType "swiss"]
[EventRounds "7"]
[EventCountry "GCI"]
[SourceTitle "BritBase"]
[Source "John Saunders"]
[SourceDate "2023.11.18"]
[SourceVersion "1"]
[SourceVersionDate "2023.11.13"]
[SourceQuality "1"]

1. e4 c5 2. c3 Nc6 3. Nf3 d6 4. Bc4 e6 5. d4 cxd4 6. cxd4 Nf6 7. Nc3 a6 8. O-O
Be7 9. a3 O-O 10. Re1 b5 11. Ba2 Qc7 12. e5 dxe5 13. dxe5 Rd8 14. Qc2 Nd7 15.
Ng5 Nf8 16. Nce4 h6 17. Nf3 Bb7 18. Bf4 Ng6 19. Bg3 Qb6 20. Rad1 Rac8 21. Nd6
Bxd6 22. exd6 Nd4 23. Qd3 Nxf3+ 24. gxf3 Nf8 25. Re5 Rc6 26. Rh5 Nd7 27. Bh4
Rdc8 28. Bb1 f5 29. Ba2 Rc4 30. Bxc4 bxc4 31. Qe2 Kf7 32. Rxf5+ exf5 33. Qe7+
Kg8 34. Qxd7 Qb3 35. Qe6+ Kh8 36. Qe2 Bxf3 37. d7 Rg8 38. Qd2 Qxd1+ 39. Qxd1
Bxd1 40. d8=Q Rxd8 41. Bxd8 Bb3 42. Kg2 Kh7 43. Kf3 g5 44. h4 Kg6 45. hxg5 hxg5
46. Kg3 Ba4 47. f4 g4 48. Kf2 Kf7 49. Ke3 Ke6 50. Kd4 Bb5 51. Bh4 Kd6 52. Be1
Ke6 53. Kc5 Kf6 54. Bf2 Kg6 55. Kb4 Kh6 56. a4 Bc6 57. Kxc4 Bxa4 58. Kd5 Bb5
59. Ke6 Kg6 60. Ke5 a5 61. Kd5 a4 62. Ke5 Bc4 63. Bh4 Bb3 64. Bg3 Bc2 65. Bh4
Kf7 66. Kd6 Ke8 67. Kc7 Be4 68. Kd6 Kf7 69. Ke5 Bc2 70. Kd6 Kg6 71. Ke5 1/2-1/2

[Event "Guernsey Challengers 47th"]
[Site "Guernsey"]
[Date "2023.10.17"]
[Round "3"]
[White "Reink, Geerhard"]
[Black "Nevska, Gerda"]
[Result "0-1"]
[WhiteElo "1520"]
[BlackElo "1765"]
[PlyCount "148"]
[EventDate "2023.10.15"]
[EventType "swiss"]
[EventRounds "7"]
[EventCountry "GCI"]
[SourceTitle "BritBase"]
[Source "John Saunders"]
[SourceDate "2023.11.18"]
[SourceVersion "1"]
[SourceVersionDate "2023.11.13"]
[SourceQuality "1"]

1. c4 Nf6 2. Nc3 g6 3. g3 Bg7 4. Bg2 d6 5. e4 e5 6. d3 c6 7. Nge2 Be6 8. O-O
O-O 9. h3 Qd7 10. Kh2 d5 11. cxd5 cxd5 12. exd5 Nxd5 13. d4 exd4 14. Nxd4 Nxc3
15. bxc3 Bc4 16. Re1 Na6 17. Be3 Rac8 18. Qd2 Rfe8 19. Rab1 Nc5 20. Red1 Ne4
21. Qb2 Bd5 22. Nb5 a6 23. Bxe4 Rxe4 24. Nd4 Qa4 25. a3 Qc4 26. Ne2 Rce8 27.
Qd2 Bc6 28. Rb4 Qe6 29. Nd4 Bxd4 30. Rxd4 Qf5 31. Rd8 Qf3 32. Rxe8+ Rxe8 33.
Rg1 Qe4 34. Qd4 Qd5 35. Qxd5 Bxd5 36. Rd1 Bf3 37. Rb1 Rd8 38. Bd4 Re8 39. Be3
h5 40. h4 Re5 41. Ra1 Kf8 42. Kg1 Ke7 43. Kf1 Rb5 44. a4 Rb2 45. a5 Kd6 46. Bd4
Kc6 47. Ke1 Re2+ 48. Kf1 Kb5 49. Kg1 Kc4 50. Kf1 Kb3 51. Kg1 Rd2 52. Rb1+ Ka2
53. Re1 Rb2 54. Bc5 Rb5 55. Bb4 Rd5 56. Kf1 Kb3 57. Ra1 Kc4 58. Re1 Kb5 59. Ra1
Rd2 60. Re1 Ra2 61. Rb1 Kc6 62. Re1 b6 63. axb6 Kxb6 64. Rb1 Kc6 65. Be7 Kd5
66. Bf6 a5 67. Ke1 a4 68. Rb5+ Kc6 69. Rb8 Re2+ 70. Kf1 a3 71. Rc8+ Kb7 72. Rc4
a2 73. Rb4+ Kc6 74. c4 Rd2 0-1

[Event "Guernsey Challengers 47th"]
[Site "Guernsey"]
[Date "2023.10.17"]
[Round "3"]
[White "Hoogakker, Peter"]
[Black "Bernard, Christopher"]
[Result "1-0"]
[WhiteElo "1877"]
[BlackElo "1516"]
[PlyCount "61"]
[EventDate "2023.10.15"]
[EventType "swiss"]
[EventRounds "7"]
[EventCountry "GCI"]
[SourceTitle "BritBase"]
[Source "John Saunders"]
[SourceDate "2023.11.18"]
[SourceVersion "1"]
[SourceVersionDate "2023.11.13"]
[SourceQuality "1"]

1. e4 c5 2. Nf3 g6 3. c3 Bg7 4. d4 cxd4 5. cxd4 d5 6. e5 Bg4 7. h3 Bxf3 8. Qxf3
e6 9. Nc3 a6 10. Be3 Ne7 11. Bd3 Nbc6 12. O-O Qb6 13. Na4 Qa7 14. Nc5 Nf5 15.
Bxf5 gxf5 16. Rfd1 b6 17. Nb3 Ke7 18. Rac1 Qd7 19. Rc3 Rac8 20. Qg3 Rhg8 21.
Qh4+ f6 22. Rdc1 Kf7 23. exf6 Bxf6 24. Qxh7+ Rg7 25. Qh5+ Rg6 26. Qe2 e5 27.
Qd3 f4 28. Bd2 e4 29. Qf1 Rh8 30. Bxf4 Qxh3 31. Rxh3 1-0

[Event "Guernsey Challengers 47th"]
[Site "Guernsey"]
[Date "2023.10.17"]
[Round "3"]
[White "Berkley, Stephen W"]
[Black "Remie, Peter"]
[Result "1-0"]
[WhiteElo "1595"]
[BlackElo "1728"]
[PlyCount "65"]
[EventDate "2023.10.15"]
[EventType "swiss"]
[EventRounds "7"]
[EventCountry "GCI"]
[SourceTitle "BritBase"]
[Source "John Saunders"]
[SourceDate "2023.11.18"]
[SourceVersion "1"]
[SourceVersionDate "2023.11.13"]
[SourceQuality "1"]

1. d4 Nf6 2. c4 e6 3. a3 c5 4. dxc5 Bxc5 5. e3 Nc6 6. b4 Be7 7. Nf3 a5 8. b5
Nb8 9. Nc3 b6 10. Be2 Bb7 11. Bb2 O-O 12. O-O d5 13. cxd5 Nxd5 14. Nd4 Nxc3 15.
Bxc3 Bf6 16. Bf3 Qe7 17. Bxb7 Qxb7 18. Rc1 Rd8 19. Qg4 Qe7 20. Qf3 Ra7 21. Nc6
Nxc6 22. Bxf6 Qxf6 23. Qxc6 e5 24. Qxf6 gxf6 25. Rc6 Rad7 26. Rxb6 Rd6 27. Rxd6
Rxd6 28. a4 Kf8 29. Rb1 Rb6 30. Rc1 Ke7 31. Rc7+ Ke6 32. Ra7 Rd6 33. Ra6 1-0

[Event "Guernsey Challengers 47th"]
[Site "Guernsey"]
[Date "2023.10.17"]
[Round "3"]
[White "Goman, Colin R"]
[Black "Dennis, Nigel W"]
[Result "0-1"]
[WhiteElo "1636"]
[BlackElo "1792"]
[PlyCount "78"]
[EventDate "2023.10.15"]
[EventType "swiss"]
[EventRounds "7"]
[EventCountry "GCI"]
[SourceTitle "BritBase"]
[Source "John Saunders"]
[SourceDate "2023.11.18"]
[SourceVersion "1"]
[SourceVersionDate "2023.11.13"]
[SourceQuality "1"]

1. d4 Nf6 2. Nf3 g6 3. Bf4 Bg7 4. h3 d6 5. e3 O-O 6. c3 Nbd7 7. Nbd2 b6 8. Bb5
Bb7 9. Qa4 c5 10. Bc6 Bxc6 11. Qxc6 Qc8 12. Qxc8 Rfxc8 13. O-O b5 14. a4 bxa4
15. Rxa4 Rcb8 16. Nc4 Nd5 17. Bh2 N5b6 18. Nxb6 Rxb6 19. Rb1 Rb7 20. Nd2 Rab8
21. Ra2 cxd4 22. exd4 Nb6 23. Ra5 Bh6 24. f4 e6 25. c4 f5 26. b4 Bg7 27. d5
exd5 28. cxd5 Bc3 29. Nf3 Nc4 30. Ra2 Bxb4 31. Rc1 Bc5+ 32. Kf1 Ne3+ 33. Ke2
Rb2+ 34. Rxb2 Rxb2+ 35. Nd2 Nxd5 36. Bg3 Rxd2+ 37. Kxd2 Be3+ 38. Kc2 Bxc1 39.
Kxc1 Kf7 0-1

[Event "Guernsey Challengers 47th"]
[Site "Guernsey"]
[Date "2023.10.17"]
[Round "3"]
[White "Flanagan, Keith"]
[Black "Steinbergs, Viktors"]
[Result "0-1"]
[WhiteElo "1443"]
[BlackElo "1763"]
[PlyCount "96"]
[EventDate "2023.10.15"]
[EventType "swiss"]
[EventRounds "7"]
[EventCountry "GCI"]
[SourceTitle "BritBase"]
[Source "John Saunders"]
[SourceDate "2023.11.18"]
[SourceVersion "1"]
[SourceVersionDate "2023.11.13"]
[SourceQuality "1"]

1. e4 c5 2. f4 Nc6 3. Nf3 d6 4. Nc3 Nf6 5. Bb5 a6 6. Bxc6+ bxc6 7. O-O e5 8. d3
Be7 9. fxe5 dxe5 10. Ne2 Bg4 11. b3 Bxf3 12. Rxf3 Nxe4 13. Bb2 Ng5 14. Rf1 Bd6
15. Ng3 O-O 16. Qe2 f6 17. Rad1 Qd7 18. Ne4 Ne6 19. Qg4 Kh8 20. Rd2 Ra7 21.
Rdf2 Nd4 22. Qxd7 Rxd7 23. Nxd6 Rxd6 24. c3 Ne6 25. Rf3 Rfd8 26. c4 Rxd3 27.
Rxd3 Rxd3 28. Rf2 Rd1+ 29. Rf1 Rxf1+ 30. Kxf1 Kg8 31. Ba3 Kf7 32. Kf2 Ke7 33.
Ke3 f5 34. g3 Kd6 35. h4 g6 36. Bb2 h6 37. Bc3 g5 38. hxg5 hxg5 39. Ba5 e4 40.
Bc3 Nd4 41. Kd2 f4 42. gxf4 gxf4 43. Ba5 Ke5 44. Bb6 Ne6 45. Ba5 Kf5 46. Ke2
Kg4 47. Kf2 e3+ 48. Ke2 Nd4+ 0-1

[Event "Guernsey Challengers 47th"]
[Site "Guernsey"]
[Date "2023.10.17"]
[Round "3"]
[White "Turner, David J"]
[Black "De Lisle, Daniel"]
[Result "1-0"]
[WhiteElo "1750"]
[BlackElo "1390"]
[PlyCount "61"]
[EventDate "2023.10.15"]
[EventType "swiss"]
[EventRounds "7"]
[EventCountry "GCI"]
[SourceTitle "BritBase"]
[Source "John Saunders"]
[SourceDate "2023.11.18"]
[SourceVersion "1"]
[SourceVersionDate "2023.11.13"]
[SourceQuality "1"]

1. e4 e5 2. Nf3 Nc6 3. d4 exd4 4. Bc4 Bb4+ 5. c3 dxc3 6. bxc3 Qe7 7. cxb4 Ne5
8. Nxe5 Qxe5 9. Qd5 Qxd5 10. Bxd5 Ne7 11. Nc3 c6 12. Bb3 a5 13. bxa5 Rxa5 14.
Bd2 Re5 15. O-O O-O 16. Bf4 Ra5 17. Rfd1 Ng6 18. Bg3 Ne5 19. Rd6 Re8 20. f3 b5
21. Rad1 Nc4 22. Bxc4 bxc4 23. R6d4 d5 24. exd5 cxd5 25. Rxd5 Rxd5 26. Nxd5 Be6
27. Nc7 Rc8 28. Nxe6 fxe6 29. Rc1 c3 30. Rc2 Kf7 31. Be5 1-0

[Event "Guernsey Challengers 47th"]
[Site "Guernsey"]
[Date "2023.10.17"]
[Round "3"]
[White "Collins, Alan"]
[Black "Harnden, Terry"]
[Result "1/2-1/2"]
[WhiteElo "1612"]
[BlackElo "1524"]
[PlyCount "107"]
[EventDate "2023.10.15"]
[EventType "swiss"]
[EventRounds "7"]
[EventCountry "GCI"]
[SourceTitle "BritBase"]
[Source "John Saunders"]
[SourceDate "2023.11.18"]
[SourceVersion "1"]
[SourceVersionDate "2023.11.13"]
[SourceQuality "1"]

1. f4 c5 2. e4 d6 3. Nf3 Nf6 4. d3 g6 5. g3 Bg7 6. Bg2 O-O 7. c3 Nc6 8. Na3 a6
9. O-O Bd7 10. Qe1 Rb8 11. Rb1 b5 12. b4 cxb4 13. cxb4 Ne8 14. Bb2 Bxb2 15.
Rxb2 Qb6+ 16. Qf2 Qxf2+ 17. Rfxf2 Rc8 18. Nc2 e5 19. Ne3 Nd4 20. Nxd4 exd4 21.
Nd5 Kg7 22. Rfc2 Nf6 23. Ne7 Rxc2 24. Rxc2 Re8 25. Nc6 Rc8 26. Nxd4 Rxc2 27.
Nxc2 Be6 28. a3 Ne8 29. Nd4 Bd7 30. Kf2 Nc7 31. Ke3 f6 32. h3 h6 33. g4 Kf7 34.
Nf3 Ke6 35. d4 g5 36. d5+ Kf7 37. Nd4 gxf4+ 38. Kxf4 Kg6 39. Nf5 Ne8 40. Nd4
Nc7 41. h4 Kf7 42. g5 hxg5+ 43. hxg5 Kg6 44. gxf6 Kxf6 45. Nf3 Ne8 46. e5+
dxe5+ 47. Nxe5 Bf5 48. Ng4+ Bxg4 49. Kxg4 Ke5 50. Kg5 Nd6 51. Bf3 Nc4 52. Bg2
Nxa3 53. d6 Kxd6 54. Bb7 1/2-1/2

[Event "Guernsey Challengers 47th"]
[Site "Guernsey"]
[Date "2023.10.17"]
[Round "3"]
[White "Rowe, Oliver"]
[Black "Gunn, Michael J"]
[Result "1/2-1/2"]
[WhiteElo "1541"]
[BlackElo "1567"]
[PlyCount "31"]
[EventDate "2023.10.15"]
[EventType "swiss"]
[EventRounds "7"]
[EventCountry "GCI"]
[SourceTitle "BritBase"]
[Source "John Saunders"]
[SourceDate "2023.11.18"]
[SourceVersion "1"]
[SourceVersionDate "2023.11.13"]
[SourceQuality "1"]

1. d4 Nf6 2. Bf4 e6 3. e3 c5 4. c3 cxd4 5. cxd4 Qa5+ 6. Nd2 Ne4 7. a3 Nxd2 8.
Qxd2 Qxd2+ 9. Kxd2 a6 10. Nf3 Nc6 11. b4 b5 12. Be2 Be7 13. Rhc1 Bb7 14. Ke1 f6
15. Kf1 Rc8 16. Bg3 1/2-1/2

[Event "Guernsey Challengers 47th"]
[Site "Guernsey"]
[Date "2023.10.17"]
[Round "3"]
[White "Jongerius, Marc"]
[Black "Bennett, David"]
[Result "1-0"]
[WhiteElo "1695"]
[BlackElo "1380"]
[PlyCount "59"]
[EventDate "2023.10.15"]
[EventType "swiss"]
[EventRounds "7"]
[EventCountry "GCI"]
[SourceTitle "BritBase"]
[Source "John Saunders"]
[SourceDate "2023.11.18"]
[SourceVersion "1"]
[SourceVersionDate "2023.11.13"]
[SourceQuality "1"]

1. e4 e5 2. Nf3 d6 3. Bc4 Bg4 4. Nc3 Nf6 5. d3 Be7 6. h3 Bxf3 7. Qxf3 Nc6 8.
Be3 O-O 9. g4 Nd4 10. Bxd4 exd4 11. Ne2 c5 12. g5 Nd7 13. h4 Ne5 14. Qg3 Nxc4
15. dxc4 g6 16. f4 Qa5+ 17. c3 dxc3 18. Qxc3 Qxc3+ 19. Nxc3 f6 20. Nd5 Rf7 21.
O-O-O f5 22. exf5 gxf5 23. Rde1 Bf8 24. Re6 Rd8 25. h5 Bg7 26. g6 Rff8 27. Ne7+
Kh8 28. h6 Bf6 29. Rxf6 Rxf6 30. g7# 1-0

[Event "Guernsey Challengers 47th"]
[Site "Guernsey"]
[Date "2023.10.17"]
[Round "3"]
[White "Poldermans, Daan"]
[Black "Royle, Nick"]
[Result "1-0"]
[WhiteElo "1629"]
[BlackElo "1506"]
[PlyCount "42"]
[EventDate "2023.10.15"]
[EventType "swiss"]
[EventRounds "7"]
[EventCountry "GCI"]
[SourceTitle "BritBase"]
[Source "John Saunders"]
[SourceDate "2023.11.18"]
[SourceVersion "1"]
[SourceVersionDate "2023.11.13"]
[SourceQuality "1"]

1. e4 c5 2. c3 d5 3. exd5 Qxd5 4. d4 cxd4 5. cxd4 Nf6 6. Nc3 Qd8 7. Nf3 Bg4 8.
Be2 e6 9. O-O Be7 10. h3 Bh5 11. g4 Bg6 12. Qb3 Qc7 13. Ne5 Nbd7 14. Bf4 Nxe5
15. Bxe5 Qc8 16. Bf3 O-O 17. Bxb7 Qd8 18. Rad1 Bd6 19. Bxa8 Nxg4 20. Bg2 Bxe5
21. dxe5 Qg5 1-0

[Event "Guernsey Challengers 47th"]
[Site "Guernsey"]
[Date "2023.10.18"]
[Round "4"]
[White "Walker, Elmira"]
[Black "Hoogakker, Peter"]
[Result "0-1"]
[WhiteElo "1626"]
[BlackElo "1877"]
[PlyCount "118"]
[EventDate "2023.10.15"]
[EventType "swiss"]
[EventRounds "7"]
[EventCountry "GCI"]
[SourceTitle "BritBase"]
[Source "John Saunders"]
[SourceDate "2023.11.18"]
[SourceVersion "1"]
[SourceVersionDate "2023.11.13"]
[SourceQuality "1"]

1. e4 d6 2. Nf3 e5 3. d4 Nd7 4. Nc3 Ngf6 5. h3 h6 6. Bc4 Be7 7. Be3 c6 8. Bb3
Qc7 9. a3 O-O 10. Qd2 exd4 11. Nxd4 Nc5 12. f3 Nxb3 13. Nxb3 Re8 14. g4 d5 15.
O-O-O dxe4 16. fxe4 Nh7 17. Bf4 Qxf4 18. Qxf4 Bg5 19. Qxg5 Nxg5 20. Nd2 b6 21.
Rh2 c5 22. Nd5 Re5 23. Re1 f6 24. h4 Nf7 25. Nc4 Bxg4 26. Nxe5 Nxe5 27. Rg2 Kf7
28. Reg1 h5 29. Ne3 Re8 30. Nf5 Rd8 31. Ne3 g6 32. Rf2 Kg7 33. Nd5 f5 34. Nf4
fxe4 35. Rxg4 Nxg4 36. Ne6+ Kh6 37. Rf7 Re8 38. Ng5 Rh8 39. Nxe4 Rh7 40. Rf8
Re7 41. Ng5 Ne3 42. Rh8+ Kg7 43. Rh7+ Kf6 44. Rxe7 Kxe7 45. b3 Kf6 46. Kd2 Ng2
47. Nf3 Kf5 48. Ke2 Kf4 49. b4 cxb4 50. axb4 Kg3 51. b5 Nxh4 52. Ne5 Ng2 53.
Nxg6 Nf4+ 54. Nxf4 Kxf4 55. Kf2 Ke4 56. Kg3 Kd4 57. Kh4 Kc4 58. Kxh5 Kxb5 59.
Kg4 a5 0-1

[Event "Guernsey Challengers 47th"]
[Site "Guernsey"]
[Date "2023.10.18"]
[Round "4"]
[White "Berkley, Stephen W"]
[Black "Dam, Karsten"]
[Result "1/2-1/2"]
[WhiteElo "1595"]
[BlackElo "1665"]
[PlyCount "39"]
[EventDate "2023.10.15"]
[EventType "swiss"]
[EventRounds "7"]
[EventCountry "GCI"]
[SourceTitle "BritBase"]
[Source "John Saunders"]
[SourceDate "2023.11.18"]
[SourceVersion "1"]
[SourceVersionDate "2023.11.13"]
[SourceQuality "1"]

1. d4 d5 2. c4 c6 3. Nf3 dxc4 4. a4 b5 5. axb5 cxb5 6. e3 e6 7. b3 Nf6 8. bxc4
bxc4 9. Bxc4 Bd6 10. O-O O-O 11. Nbd2 Nbd7 12. Ba3 Nb6 13. Bxd6 Qxd6 14. Ba6
Nbd5 15. Nc4 Qc7 16. Nce5 Ne4 17. Bd3 Ndf6 18. Qb3 Bb7 19. Rfc1 Qe7 20. Nc6
1/2-1/2

[Event "Guernsey Challengers 47th"]
[Site "Guernsey"]
[Date "2023.10.18"]
[Round "4"]
[White "Dennis, Nigel W"]
[Black "Turner, David J"]
[Result "1-0"]
[WhiteElo "1792"]
[BlackElo "1750"]
[PlyCount "85"]
[EventDate "2023.10.15"]
[EventType "swiss"]
[EventRounds "7"]
[EventCountry "GCI"]
[SourceTitle "BritBase"]
[Source "John Saunders"]
[SourceDate "2023.11.18"]
[SourceVersion "1"]
[SourceVersionDate "2023.11.13"]
[SourceQuality "1"]

1. e4 d6 2. d4 Nf6 3. Nc3 g6 4. Be2 c6 5. Nf3 Qc7 6. a4 Nbd7 7. O-O Bg7 8. h3
e5 9. Be3 O-O 10. dxe5 dxe5 11. Qc1 Re8 12. Bh6 Bh8 13. Qe3 Qb6 14. Qxb6 Nxb6
15. a5 Nbd7 16. Be3 Bg7 17. Bc4 h6 18. b4 Bf8 19. Rfb1 Kg7 20. Nd2 Nh5 21. Ne2
g5 22. f3 Ndf6 23. c3 Kg6 24. Nf1 Be7 25. Rd1 Nf4 26. Nfg3 h5 27. Ra2 Nxe2+ 28.
Rxe2 g4 29. Nf5 Bxf5 30. exf5+ Kg7 31. Bg5 Ng8 32. Bxe7 gxf3 33. f6+ Nxf6 34.
Bxf6+ Kxf6 35. gxf3 Rg8+ 36. Rg2 Ke7 37. Rxg8 Rxg8+ 38. Kf2 Rg6 39. Rg1 Kf6 40.
Rxg6+ fxg6 41. Bd3 Kg5 42. c4 b6 43. c5 1-0

[Event "Guernsey Challengers 47th"]
[Site "Guernsey"]
[Date "2023.10.18"]
[Round "4"]
[White "Steinbergs, Viktors"]
[Black "Reink, Geerhard"]
[Result "1/2-1/2"]
[WhiteElo "1763"]
[BlackElo "1520"]
[PlyCount "57"]
[EventDate "2023.10.15"]
[EventType "swiss"]
[EventRounds "7"]
[EventCountry "GCI"]
[SourceTitle "BritBase"]
[Source "John Saunders"]
[SourceDate "2023.11.18"]
[SourceVersion "1"]
[SourceVersionDate "2023.11.13"]
[SourceQuality "1"]

1. d4 Nf6 2. Nf3 g6 3. Bf4 Bg7 4. e3 d6 5. Be2 c5 6. c3 cxd4 7. exd4 O-O 8. O-O
Nh5 9. Bg5 h6 10. Be3 e5 11. dxe5 dxe5 12. Qc1 Kh7 13. Rd1 Qe7 14. b4 Rd8 15.
Nbd2 Nf6 16. Bc5 Qe8 17. Nc4 Rxd1+ 18. Qxd1 Ne4 19. Nd6 Nxd6 20. Qxd6 Nd7 21.
Bb5 a6 22. Bxd7 Qxd7 23. Nxe5 Qxd6 24. Bxd6 Be6 25. f4 Rd8 26. Bc5 Rd2 27. Nf3
Rxa2 28. Rxa2 Bxa2 29. Bd4 1/2-1/2

[Event "Guernsey Challengers 47th"]
[Site "Guernsey"]
[Date "2023.10.18"]
[Round "4"]
[White "Harnden, Terry"]
[Black "Jongerius, Marc"]
[Result "1/2-1/2"]
[WhiteElo "1524"]
[BlackElo "1695"]
[PlyCount "45"]
[EventDate "2023.10.15"]
[EventType "swiss"]
[EventRounds "7"]
[EventCountry "GCI"]
[SourceTitle "BritBase"]
[Source "John Saunders"]
[SourceDate "2023.11.18"]
[SourceVersion "1"]
[SourceVersionDate "2023.11.13"]
[SourceQuality "1"]

1. e4 e5 2. Nf3 Nc6 3. Bb5 a6 4. Ba4 Nf6 5. d3 b5 6. Bb3 Be7 7. a3 d6 8. h3 Na5
9. Ba2 c5 10. Nc3 Bb7 11. O-O O-O 12. Bg5 Nd5 13. Bxe7 Nxe7 14. Nd5 Nxd5 15.
Bxd5 Bxd5 16. exd5 c4 17. b4 cxb3 18. cxb3 Nb7 19. b4 a5 20. Qd2 Qb6 21. Rfe1
Rfe8 22. Qb2 Re7 23. Nd4 1/2-1/2

[Event "Guernsey Challengers 47th"]
[Site "Guernsey"]
[Date "2023.10.18"]
[Round "4"]
[White "Finch, Russell"]
[Black "Bernard, Christopher"]
[Result "1-0"]
[WhiteElo "1619"]
[BlackElo "1516"]
[PlyCount "55"]
[EventDate "2023.10.15"]
[EventType "swiss"]
[EventRounds "7"]
[EventCountry "GCI"]
[SourceTitle "BritBase"]
[Source "John Saunders"]
[SourceDate "2023.11.18"]
[SourceVersion "1"]
[SourceVersionDate "2023.11.13"]
[SourceQuality "1"]

1. Nf3 c5 2. g3 Nc6 3. Bg2 g6 4. d3 Bg7 5. O-O d5 6. Nbd2 Nf6 7. e4 dxe4 8.
dxe4 O-O 9. Re1 Qc7 10. c3 Bg4 11. h3 Be6 12. Qe2 Nd7 13. Ng5 Nd8 14. f4 h6 15.
Nxe6 Nxe6 16. h4 Nd8 17. h5 Nc6 18. hxg6 fxg6 19. Qg4 Kh7 20. e5 Ndxe5 21. fxe5
Nxe5 22. Qe4 Nc6 23. Nf1 Be5 24. Qh4 h5 25. Be4 Bf6 26. Qxh5+ Kg8 27. Qxg6+ Bg7
28. Bh6 1-0

[Event "Guernsey Challengers 47th"]
[Site "Guernsey"]
[Date "2023.10.18"]
[Round "4"]
[White "Goris Schouwstra, Adry"]
[Black "Rowe, Oliver"]
[Result "1-0"]
[WhiteElo "1715"]
[BlackElo "1541"]
[PlyCount "69"]
[EventDate "2023.10.15"]
[EventType "swiss"]
[EventRounds "7"]
[EventCountry "GCI"]
[SourceTitle "BritBase"]
[Source "John Saunders"]
[SourceDate "2023.11.18"]
[SourceVersion "1"]
[SourceVersionDate "2023.11.13"]
[SourceQuality "1"]

1. d4 Nf6 2. Nf3 e6 3. e3 d5 4. Be2 Be7 5. O-O O-O 6. Nbd2 c5 7. b3 b6 8. Bb2
Nc6 9. a3 cxd4 10. exd4 Bb7 11. Rc1 Rc8 12. b4 Re8 13. Bd3 Bd6 14. Ne5 Qc7 15.
f4 Ne7 16. c4 Qb8 17. c5 bxc5 18. dxc5 Bc7 19. Ndf3 Nc6 20. Qe1 Nxe5 21. fxe5
Ne4 22. Bxe4 dxe4 23. Ng5 Bxe5 24. Bxe5 Qxe5 25. Nxf7 Qd4+ 26. Kh1 Rf8 27. Nd6
Rxf1+ 28. Qxf1 Rf8 29. Qe1 Ba6 30. b5 e3 31. bxa6 Qd2 32. Nc4 Qxe1+ 33. Rxe1
Rf4 34. Nxe3 Kf7 35. Rf1 1-0

[Event "Guernsey Challengers 47th"]
[Site "Guernsey"]
[Date "2023.10.18"]
[Round "4"]
[White "Gunn, Michael J"]
[Black "Goman, Colin R"]
[Result "1/2-1/2"]
[WhiteElo "1567"]
[BlackElo "1636"]
[PlyCount "57"]
[EventDate "2023.10.15"]
[EventType "swiss"]
[EventRounds "7"]
[EventCountry "GCI"]
[SourceTitle "BritBase"]
[Source "John Saunders"]
[SourceDate "2023.11.18"]
[SourceVersion "1"]
[SourceVersionDate "2023.11.13"]
[SourceQuality "1"]

1. e4 d6 2. d4 Nf6 3. Bd3 g6 4. c3 Bg7 5. h3 O-O 6. Nf3 c5 7. O-O cxd4 8. cxd4
Nbd7 9. Nc3 a6 10. Be3 b6 11. Qd2 Bb7 12. Rac1 Rc8 13. Bh6 b5 14. Bxg7 Kxg7 15.
a3 Nb6 16. b3 d5 17. e5 Ne4 18. Bxe4 dxe4 19. Nh2 f5 20. exf6+ exf6 21. Ng4 f5
22. Ne3 Rf7 23. d5 Rd7 24. Qd4+ Qf6 25. Qxf6+ Kxf6 26. Rfd1 Rcd8 27. Rc2 Ke5
28. g3 Kf6 29. h4 1/2-1/2